00565nam a2200169Ia 4500003000900000008004100009020001800050040001600068080001800084245013100102260002500233300001500258490003500273650003700308650001900345700003100364IN-BaIIA211028s9999 xx 000 0 eng d a0-85296-865-5 cIIA Library a546.682 bPRO 0aProperties of lattice - matched and strained indium gallium arsenidecedited by Pallab Bhattacharya  aLondonbINSPECc1993 axxi, 317p. aEMIS datareviews series; no. 8 aGallium arsenide semiconductors. aIndium alloys. aBhattacharya, Pallab .,ed.